01176nam a2200289 i 450000100060000000300090000600500170001500700030003200800410003502000180007624501930009426000410028730000440032849000390037250400320041165000310044370000270047470000360050170000400053770000390057770000330061671000310064983000470068085200210072799900170074895201210076546267ES-MaACL20230906161343.0t|030328s1978 sp ||||1| spa d a84-7214-146-200aComportamiento animal / cselección e introducciones de Thomas Eisner, Edward O. Wilson ; traducido del inglés por Francisco García Álvarez, Juan Manuel Ibeas, Rubén Rial Planas. a[Madrid] : bHermann Blume, c[1978] aVI, 404 p. : bil. col. y n. ; c28 cm.1 aSelecciones de Scientific American aBibliografía: p. 393-399.00aAnimales-xConducta.998331 aEisner, Thomas.9468721 aWilson, Edward Osborne.91170251 aGarcía Alvarez, Francisco.9541511 aIbeas Delgado, Juan Manuel.9649871 aRial Planas, Rubén.9966712 aScientific American.965151 aSelecciones de Scientific American9181289 aES-MaACLjA-9403 c46267d46267 00104070aATENEOMbATENEOMcDEPO1d2008-01-17eSCl0oA-9403p1048664r2023-02-23 00:00:00w2023-02-23yMONOGRAFIA